000 00664nam a22002177a 4500
999 _c190931
_d190931
005 20220811152607.0
010 _aENG-134402
020 _a9789390082100
_c175.00
035 _aEN-117934
037 _bDBAD/PUB
082 _a620
100 _aMarichamy, S.
245 _aUnconventional Machining Processes/
_cS. Marichamy [et.al..]
260 _aTamil Nadu
_bShanlax Publications
_c2020
270 _a61, 66 T.P.K. Main Road Vasantha Nagar
_bMadurai
_e625003
_mpublisher@shanlaxpublications.com
300 _a85p.
_c22cm(pbk)
700 _aStalin, B.
700 _aManiraj, S.
700 _aSaravanan, K.G.
942 _2ddc
_cEN
_h620
_mMAR